01078 a2200205 45000010006000000050017000060080041000230030015000640400040000790800145001192450087002640200022003512640096003733000019004695050252004880410008007401000016007487000022007647000086007866043920260407155855.0260407a2003 arg spa dAR-UNSa-BCEJYS aAR-UNSa-BCEJYSbspacAR-UNSa-BCEJYS a007xAcción y organización. Información. Teoría de la comunicación y del control en general (cibernética). "Ingeniería humana"10aLos caminos hacia una sociedad de la información en América Latina y el Caribe a978-92-1-322191-4 1aSantiago de Chile :bCEPAL (Comisión Económica para América Latina y el Caribe)c2003 a121 p.c23 cm. a1. Definiciones y principios fundamentales de una sociedad de la información - 2. La transición de América Latina y el Caribe hacia una sociedad de la información – 3. Una agenda de política pública en América Latina y el Caribe -  aspa1 aKatz, Jorge1 aHilbert, Martín1 aNaciones Unidas. Comisión Económica para América Latina y el Caribe (CEPAL)